Sonata pour piano, op. 21

Hlavní autor: Paderewski, Ignacy Jan, 1860-1941
Jazyk: Nelze použít, není lingvistický obsah
Vydáno: Berlin : Bote & Bock, [1915?]
Fyzický popis: 51 s.
Hudebniny Hudebniny
Uloženo v:
LEADER 00672ncm a22002052a 4500
001 001231993
003 CZ BrMZK
005 20120718132722.0
007 qu
008 120718s1915 gw |||||||||||||||||zxx d
040 |a BOA001  |b cze 
072 7 |a 786  |x Hudba pro klávesové nástroje  |2 Konspekt  |9 9 
100 1 |a Paderewski, Ignacy Jan,  |d 1860-1941  |7 mzk2003168209  |4 cmp 
245 1 0 |a Sonata pour piano, op. 21  |h [hudebnina] /  |c Ignacy Jan Paderewski 
260 |a Berlin :  |b Bote & Bock,  |c [1915?] 
300 |a 51 s. 
910 |a BOA001  |b Mus4-0577.815 
990 |a MU 
991 |b 201207 
996 6 |b 2619099798  |c Mus4-0577.815  |l MZK  |r Sklad / do 1 hodiny  |n 0  |w 001265769  |u 000010  |a 1  |e BOA001  |j MZK50  |s P